01121nam a2200157 a 4500008004100000020001800041041000800059100003300067245006400100250004000164260003000204300002100234500009200255505059400347655002200941170223t2011 ag a|||g |||| 001 | spa d a9789876042611 aspa1 aNarbona, Luis AlbertoeComp. aChallacó.bHistoria de voluntades /cLuis Alberto Narbona a1a ed.bCorreción Liliana Falcone aNeuquén:bEDUCO;c2011. a194 p.b16x23 cm aNarbona, L. A. (2011). Challacó. Historia de voluntades. (1a ed.). Neuquén : EDUCO. aLa presente complicación tiene por objetivo dejar documentada referencias sobre las decisiones políticas de la creación de la Universidad de Neuquén, de la Facultad de Ingeniería en Challacó, las ideas que impulsaban las distintas acciones, el proceso de nacionalización de la Universidad, la historia de movimiento estudiantil y su vinculación con el medio que interactuaba, anécdotas de vida cotidiana, los espacios de sociabilización, las prácticas y organización deportiva; reflexiones y consecuencias sobre aquella experiencia educativa y profundamente humana. aHistoria regional